MARC

LEADER 00000nam0a2200000 4500
001 137596
005 20231031141117.0
035 |a (RuTPU)RU\TPU\book\149120 
090 |a 137596 
100 |a 20080514d1986 k y0rusy50 ca 
101 0 |a rus 
102 |a LV 
105 |a a z 001zy 
200 1 |a Физика оптической записи в диэлектриках и полупроводниках  |f К. К. Шварц  |g Академия наук Латвийской ССР (АН ЛатССР), Институт физики 
210 |a Рига  |c Зинатне  |d 1986 
215 |a 232 с.  |c ил. 
225 1 |a ФТС : Физика твердого состояния 
320 |a Библиогр.: с. 205 -227 ( 492 назв.) 
320 |a Предм. указ.: с. 228 - 230. 
610 1 |a оптическая запись 
610 1 |a физические основы 
610 1 |a диэлектрики 
610 1 |a фазовые переходы 
610 1 |a полупроводники 
610 1 |a фотофизические процессы 
610 1 |a фототермические запись 
675 |a 621.391  |v 3 
700 1 |a Шварц  |b К. К.  |g Курт Куртович 
712 0 2 |a Академия наук Латвийской ССР (АН ЛатССР)  |b Институт физики  |2 stltpush  |3 (RuTPU)RU\TPU\col\1970 
801 1 |a RU  |b 63413507  |c 20080514  |g PSBO 
801 2 |a RU  |b 63413507  |c 20140731  |g PSBO 
942 |c BK